| 000 | 01296cad a22002415a 4500 | ||
|---|---|---|---|
| 001 | L138517 | ||
| 008 | 070618e20070615xxkbd f s 000 0 eng d | ||
| 020 | _a9780102945522 | ||
| 035 | _a(Sirsi) u138517 | ||
| 041 | 0 | _aeng | |
| 050 | 0 | 4 | _a627.4 $2 18 |
| 110 | 2 |
_aNational Audit Office _94918 |
|
| 245 | 0 | 0 |
_aBuilding and maintaining river and coastal flood defences in England _h[electronic resource] |
| 260 |
_aLondon _bNAO _c2007 |
||
| 520 | _aReports on the current state of flood defences. Identifies work to be done and the investment needed. Since 2001, flood protection has been improved for over 100 000 households. A more rigorous system for analysing flood defences has been developed. 61% of flood defence structures are in good or better condition than in 2001. However only 57% of all flood defence systems had met their target by March 2007. NAO estimates it will need another £150m to reach all targets. Recommends focusing on medium or high risk areas. | ||
| 590 | _aKA NTK | ||
| 650 | 2 | 4 | _aFLOODING |
| 650 | 2 | 4 | _aDIRECTIVE 2000/60/EC |
| 651 | 4 |
_aEngland _y886- |
|
| 690 | _aENVIRONMENTAL AND LAND CONSULTANCY-WATER RESOURCE MANAGEMENT-FLOODING | ||
| 856 | 4 | 0 |
_uhttps://www.nao.org.uk/pn/06-07/0607528.htm _zView the item free of charge at www.nao.org.uk... |
| 942 | _n0 | ||
| 999 |
_c107189 _d107189 |
||